[Event "Wellington Mazur Memorial"]
[Site "Wellington"]
[Date "2016.08.18"]
[Round "6"]
[White "Day, Fabian"]
[Black "Stoeveken, Peter"]
[Result "0-1"]
[WhiteElo "1564"]
[BlackElo "1932"]
[PlyCount "26"]
[EventDate "2016.07.21"]
[EventType "swiss"]
[EventRounds "8"]
[EventCountry "NZL"]
[SourceTitle "EXT 2018"]
[Source "ChessBase"]
[SourceDate "2017.10.13"]
[SourceVersion "1"]
[SourceVersionDate "2017.10.13"]
[SourceQuality "1"]

1. e4 c5 2. d4 cxd4 3. c3 dxc3 4. Nxc3 e5 5. Nf3 Nc6 6. Bc4 Bb4 7. Qb3 Qe7 8. Ng5 Nh6 9. 0-0 Na5 10. Nd5 Nxb3 11. Nxe7 Nxa1 12. Nxc8 Rxc8 13. Be3 Rxc4 0-1

[Event "Wellington Mazur Memorial"]
[Site "Wellington"]
[Date "2016.08.11"]
[Round "5"]
[White "Stoeveken, Peter"]
[Black "Cunningham, Patrick D"]
[Result "0-1"]
[WhiteElo "1932"]
[BlackElo "1744"]
[PlyCount "114"]
[EventDate "2016.07.21"]
[EventType "swiss"]
[EventRounds "8"]
[EventCountry "NZL"]
[SourceTitle "EXT 2018"]
[Source "ChessBase"]
[SourceDate "2017.10.13"]
[SourceVersion "1"]
[SourceVersionDate "2017.10.13"]
[SourceQuality "1"]

1. d4 Nf6 2. Bg5 g6 3. Bxf6 exf6 4. e4 Bg7 5. Nf3 0-0 6. c3 d6 7. Be2 Bg4 8. Nbd2 Nc6 9. 0-0 Re8 10. Bb5 a6 11. Bxc6 bxc6 12. h3 Be6 13. Re1 Qd7 14. Qa4 Reb8 15. b3 Rb5 16. Nf1 Bxh3 17. gxh3 Qxh3 18. N1h2 Rh5 19. Qxc6 Rf8 20. Qxc7 Rc8 21. Qxd6 Rxc3 22. Qg3 Rg5 23. Qxg5 fxg5 24. Rad1 Rxf3 25. Nxf3 Qxf3 26. d5 Be5 27. d6 Qg4+ 28. Kf1 Qh3+ 29. Ke2 Qd7 30. Rd5 Bxd6 31. Rxg5 Bf4 32. Rd5 Qg4+ 33. Kf1 Qf3 34. Kg1 Qh3 35. Red1 Qh2+ 36. Kf1 Qh1+ 37. Ke2 Qxe4+ 38. Kf1 Qh1+ 39. Ke2 Qe4+ 40. Kf1 Qh1+ 41. Ke2 Qg2 42. R1d3 g5 43. Rf3 h5 44. Rdd3 Qg4 45. a4 Qe6+ 46. Kf1 Qb6 47. Ke2 Qf6 48. Kf1 Qa1+ 49. Ke2 Qb2+ 50. Kd1 Qc1+ 51. Ke2 Qc2+ 52. Kf1 h4 53. Kg2 Qc1 54. Kh3 Qg1 55. Rd5 Kg7 56. Rfd3 Kg6 57. Rd8 g4+ 0-1

[Event "Wellington CC Autumn Cup-C"]
[Site "Wellington"]
[Date "2016.04.28"]
[Round "2"]
[White "Kulkarni, Yogesh"]
[Black "Stoeveken, Peter"]
[Result "1-0"]
[WhiteElo "1854"]
[BlackElo "1932"]
[PlyCount "73"]
[EventDate "2016.04.21"]
[EventType "tourn"]
[EventRounds "5"]
[EventCountry "NZL"]
[SourceTitle "EXT 2018"]
[Source "ChessBase"]
[SourceDate "2017.10.13"]
[SourceVersion "1"]
[SourceVersionDate "2017.10.13"]
[SourceQuality "1"]

1. c4 e5 2. Nc3 Nf6 3. Nf3 Nc6 4. g3 Bc5 5. Bg2 d6 6. Na4 Bb6 7. Nxb6 axb6 8. d3 h6 9. 0-0 Ne7 10. d4 exd4 11. Nxd4 0-0 12. b3 Re8 13. Bb2 Ng6 14. e3 Rb8 15. Qc2 Bd7 16. Nf5 Bxf5 17. Qxf5 Qd7 18. Qd3 Ne5 19. Qd2 Qf5 20. f4 Ned7 21. Rfe1 Nc5 22. Rad1 Nfe4 23. Qc2 Nxg3 24. Qc3 Nh5 25. Rd5 Qg6 26. Rxh5 Ne4 27. Qd4 Nf6 28. Rh3 c5 29. Qd2 Nh5 30. Kh1 Re7 31. Rg1 Qf5 32. Qxd6 Rbe8 33. Qd5 Qc2 34. Be5 Qf5 35. Qf3 g6 36. e4 Qe6 37. Rxh5 1-0

[Event "Wellington CC Summer Cup"]
[Site "Wellington"]
[Date "2016.03.17"]
[Round "8"]
[White "Stoeveken, Peter"]
[Black "Barraza Perez, Jesus"]
[Result "0-1"]
[WhiteElo "1943"]
[BlackElo "1757"]
[PlyCount "88"]
[EventDate "2016.01.21"]
[EventType "swiss"]
[EventRounds "8"]
[EventCountry "NZL"]
[SourceTitle "EXT 2018"]
[Source "ChessBase"]
[SourceDate "2017.10.13"]
[SourceVersion "1"]
[SourceVersionDate "2017.10.13"]
[SourceQuality "1"]

1. d4 c5 2. dxc5 e5 3. e4 Bxc5 4. Bc4 Nf6 5. Nc3 d6 6. Nf3 0-0 7. 0-0 a6 8. Bg5 Nbd7 9. Nd5 b5 10. Bd3 Bb7 11. Qe2 Bxd5 12. exd5 Qc7 13. Be4 Nxe4 14. Qxe4 f5 15. Qe2 Rae8 16. Be3 Qd8 17. a4 e4 18. Nd4 Bxd4 19. Bxd4 Qg5 20. f4 exf3 21. Qxf3 Ne5 22. Bxe5 dxe5 23. axb5 e4 24. Qb3 axb5 25. d6+ Kh8 26. d7 Rd8 27. Qxb5 Rb8 28. Qe5 Qf6 29. Qxf6 Rxf6 30. Rad1 Rd8 31. Rd5 g6 32. c4 Kg7 33. c5 Kf7 34. Rfd1 e3 35. Kf1 Re6 36. Ke2 f4 37. b4 Ra6 38. Kf3 Re6 39. Re1 Ke7 40. Kxf4 e2 41. Re5 Rf8+ 42. Ke4 Rxe5+ 43. Kxe5 Kxd7 44. Rxe2 Re8+ 0-1

[Event "Wellington CC Summer Cup"]
[Site "Wellington"]
[Date "2016.03.10"]
[Round "7"]
[White "Timergazi, Layla"]
[Black "Stoeveken, Peter"]
[Result "0-1"]
[WhiteElo "2149"]
[BlackElo "1943"]
[PlyCount "60"]
[EventDate "2016.01.21"]
[EventType "swiss"]
[EventRounds "8"]
[EventCountry "NZL"]
[SourceTitle "EXT 2018"]
[Source "ChessBase"]
[SourceDate "2017.10.13"]
[SourceVersion "1"]
[SourceVersionDate "2017.10.13"]
[SourceQuality "1"]

1. d4 d5 2. c4 Nf6 3. cxd5 Bf5 4. Nc3 Nxd5 5. Nf3 c6 6. Ne5 Nd7 7. Nxd7 Qxd7 8. f3 Bg6 9. e4 Nc7 10. Be3 e6 11. Qb3 Be7 12. 0-0-0 b5 13. d5 0-0 14. d6 Bxd6 15. e5 Nd5 16. Nxd5 cxd5 17. exd6 Rfc8+ 18. Kd2 Bc2 19. Qxb5 Qxd6 20. Rc1 Rab8 21. Qa5 d4 22. Bg5 d3 23. Be3 Rxb2 24. Ke1 Rd8 25. Bf4 Qd4 26. a3 Ba4 27. Bd2 Rb5 28. Qxd8+ Qxd8 29. Bxd3 Rd5 30. Ba6 Rxd2 0-1

[Event "Wellington CC-chB"]
[Site "Wellington"]
[Date "2015.11.26"]
[Round "2"]
[White "Stoeveken, Peter"]
[Black "Jackson, L Ross"]
[Result "0-1"]
[WhiteElo "1901"]
[BlackElo "1981"]
[PlyCount "69"]
[EventDate "2015.09.24"]
[EventType "tourn"]
[EventRounds "9"]
[EventCountry "NZL"]
[SourceTitle "EXT 2018"]
[Source "ChessBase"]
[SourceDate "2017.10.13"]
[SourceVersion "1"]
[SourceVersionDate "2017.10.13"]
[SourceQuality "1"]

1. d4 d5 2. c4 c6 3. Nc3 e6 4. Nf3 a6 5. a3 Nf6 6. e3 Nbd7 7. Qc2 Qc7 8. e4 dxe4 9. Nxe4 Nxe4 10. Qxe4 Nf6 11. Qc2 c5 12. Bg5 Be7 13. Bd3 cxd4 14. Nxd4 Qe5+ 15. Be3 Bc5 16. Nf3 Qc7 17. Bxc5 Qxc5 18. 0-0 0-0 19. b4 Qc7 20. Rfe1 b6 21. Ne5 Bb7 22. Re3 Rad8 23. Rae1 h6 24. Rh3 Rd4 25. Ree3 Rfd8 26. f3 Nd7 27. Ng4 f5 28. Nf2 Nf8 29. g4 Qf4 30. Qe2 fxg4 31. Nxg4 Bxf3 32. Qxf3 Qxg4+ 33. Rg3 Qxf3 34. Rgxf3 Rg4+ 35. Kf2 0-1

[Event "Wellington CC-chB"]
[Site "Wellington"]
[Date "2015.11.19"]
[Round "9"]
[White "Stoeveken, Peter"]
[Black "Forlong Ford, Colwyn"]
[Result "1-0"]
[WhiteElo "1901"]
[BlackElo "1752"]
[PlyCount "63"]
[EventDate "2015.09.24"]
[EventType "tourn"]
[EventRounds "9"]
[EventCountry "NZL"]
[SourceTitle "EXT 2018"]
[Source "ChessBase"]
[SourceDate "2017.10.13"]
[SourceVersion "1"]
[SourceVersionDate "2017.10.13"]
[SourceQuality "1"]

1. d4 e6 2. Nf3 d5 3. Bf4 Nc6 4. c3 Nf6 5. e3 Bd6 6. Bxd6 Qxd6 7. Bd3 0-0 8. Qc2 e5 9. dxe5 Nxe5 10. Nbd2 Bg4 11. Be2 Nxf3+ 12. Nxf3 Ne4 13. 0-0 Rfe8 14. Nd4 Bxe2 15. Qxe2 c6 16. Rad1 Re5 17. f4 Ree8 18. Rf3 Nf6 19. Rg3 g6 20. f5 Re4 21. Rf1 Nh5 22. Rh3 Rae8 23. fxg6 hxg6 24. Rhf3 f5 25. Qf2 Nf6 26. h3 R8e5 27. Rg3 Nh5 28. Rf3 Qc5 29. g4 fxg4 30. Rf8+ Kg7 31. Qf7+ Kh6 32. h4 1-0

[Event "Wellington CC Summer Cup"]
[Site "Wellington"]
[Date "2015.04.09"]
[Round "8"]
[White "Stoeveken, Peter"]
[Black "Theodosiou, Andreas"]
[Result "1-0"]
[WhiteElo "1829"]
[BlackElo "1329"]
[PlyCount "51"]
[EventDate "2015.02.05"]
[EventType "swiss"]
[EventRounds "8"]
[EventCountry "NZL"]
[SourceTitle "EXT 2018"]
[Source "ChessBase"]
[SourceDate "2017.10.13"]
[SourceVersion "1"]
[SourceVersionDate "2017.10.13"]
[SourceQuality "1"]

1. d4 d5 2. c4 dxc4 3. e4 Nc6 4. d5 Ne5 5. f4 Nd3+ 6. Bxd3 cxd3 7. Qxd3 Qd6 8. Nc3 c6 9. Nf3 h6 10. e5 Qc7 11. 0-0 Bg4 12. Be3 e6 13. d6 Qd7 14. b4 f6 15. Qg6+ Qf7 16. Qxg4 fxe5 17. fxe5 Qf5 18. Qxf5 exf5 19. Nd4 g6 20. Ne6 Kd7 21. Nxf8+ Rxf8 22. Bxa7 f4 23. Rad1 Rf5 24. Rfe1 f3 25. e6+ Kd8 26. Bb6+ 1-0

[Event "Wellington CC-chB"]
[Site "Wellington"]
[Date "2014.10.23"]
[Round "5"]
[White "Stoeveken, Peter"]
[Black "Rossiter, Philip E"]
[Result "1/2-1/2"]
[WhiteElo "1856"]
[BlackElo "1922"]
[PlyCount "113"]
[EventDate "2014.09.25"]
[EventType "tourn"]
[EventRounds "9"]
[EventCountry "NZL"]
[SourceTitle "EXT 2018"]
[Source "ChessBase"]
[SourceDate "2017.10.13"]
[SourceVersion "1"]
[SourceVersionDate "2017.10.13"]
[SourceQuality "1"]

1. d4 d5 2. c4 c6 3. Nc3 Nf6 4. Bg5 dxc4 5. a4 Bf5 6. f3 Nbd7 7. e4 Bg6 8. Bxc4 Nb6 9. Ba2 Qc7 10. Nge2 e6 11. 0-0 Be7 12. Bf4 Qd8 13. Bg3 0-0 14. Nf4 Nh5 15. Nxg6 hxg6 16. Bf2 Nf4 17. Re1 Rc8 18. a5 Nd7 19. d5 cxd5 20. exd5 exd5 21. Bxa7 Bb4 22. Qd4 Bxc3 23. bxc3 Qf6 24. Qxf6 Nxf6 25. Rab1 Rxc3 26. Rxb7 Ne6 27. Bb1 Rfc8 28. Rb8 Rxb8 29. Bxb8 Ra3 30. Bxg6 Rxa5 31. Bf5 Nd4 32. Bd3 Ra3 33. Bb1 Rb3 34. Be5 Ne6 35. Bf5 Nd7 36. Bg3 Rb6 37. Bf2 Rc6 38. Rd1 Nf6 39. Bh4 Nc7 40. Rb1 g6 41. Rb8+ Kg7 42. Bh3 Rc1+ 43. Kf2 Rc2+ 44. Ke1 Ra2 45. Rb7 Rc2 46. Bg3 Nce8 47. Be6 Rc1+ 48. Kd2 Rg1 49. Rxf7+ Kh6 50. Be5 Rxg2+ 51. Ke1 Nh5 52. Bxd5 Rg5 53. Kf2 Rxe5 54. Be4 Nef6 55. Ba8 Ng4+ 56. fxg4 Ra5 57. Be4 1/2-1/2

[Event "Wellington CC-chB"]
[Site "Wellington"]
[Date "2014.10.16"]
[Round "4"]
[White "Farrington, Lawrence B"]
[Black "Stoeveken, Peter"]
[Result "0-1"]
[WhiteElo "1852"]
[BlackElo "1856"]
[PlyCount "168"]
[EventDate "2014.09.25"]
[EventType "tourn"]
[EventRounds "9"]
[EventCountry "NZL"]
[SourceTitle "EXT 2018"]
[Source "ChessBase"]
[SourceDate "2017.10.13"]
[SourceVersion "1"]
[SourceVersionDate "2017.10.13"]
[SourceQuality "1"]

1. e4 c5 2. c3 Nc6 3. d4 d5 4. e5 Qb6 5. Nf3 e6 6. a3 Nge7 7. Bd3 Bd7 8. Bc2 Rc8 9. 0-0 Ng6 10. b4 cxd4 11. cxd4 a5 12. bxa5 Nxa5 13. Nbd2 Be7 14. Rb1 Qc7 15. Ba4 0-0 16. Bxd7 Qxd7 17. Bb2 Nf4 18. Nb3 Nc4 19. Bc1 Ng6 20. Ra1 Ra8 21. Nc5 Qc6 22. Nd3 Bxa3 23. Qb3 Be7 24. Be3 Qb6 25. Qxb6 Nxb6 26. Rab1 Nc4 27. Rxb7 Nxe3 28. fxe3 Ra3 29. Rd1 Re8 30. Kf2 Kf8 31. g3 Rc8 32. Rb2 Rac3 33. Ke2 Rc2+ 34. Rxc2 Rxc2+ 35. Nd2 Nh8 36. Ra1 g5 37. Ra8+ Kg7 38. Ra7 Ng6 39. Kd1 Rc6 40. Ke2 h5 41. Ra2 Bf8 42. Nf3 g4 43. Nd2 Be7 44. Ra7 Bg5 45. Ra1 Ne7 46. Ra3 Nf5 47. Nf4 h4 48. gxh4 Bxh4 49. Ng2 Bg5 50. Nf4 Bxf4 51. exf4 Nxd4+ 52. Kd3 Nf5 53. Ra1 Rb6 54. Rg1 Nh6 55. Kc3 f5 56. exf6+ Kxf6 57. Nb3 Kf5 58. Rf1 Rc6+ 59. Kd3 Ra6 60. Nd4+ Kf6 61. Rf2 Ra3+ 62. Kd2 Ra2+ 63. Nc2 Nf7 64. Kd3 Nd6 65. Rg2 Ra4 66. Rxg4 Kf5 67. Ne3+ Kf6 68. Ng2 Ne4 69. Rg8 Ra3+ 70. Ke2 Rh3 71. Kf1 Rxh2 72. Kg1 Rh6 73. Ra8 Nc3 74. Kf2 Kf5 75. Rf8+ Ke4 76. f5 e5 77. f6 Kd4 78. f7 Rf6+ 79. Ke1 Ne4 80. Ra8 Rxf7 81. Ra4+ Kc5 82. Ne3 Nc3 83. Ra5+ Kb4 84. Ra6 d4 0-1

[Event "Wellington CC-chB"]
[Site "Wellington"]
[Date "2014.09.25"]
[Round "1"]
[White "Aldridge, Alan L"]
[Black "Stoeveken, Peter"]
[Result "0-1"]
[WhiteElo "1951"]
[BlackElo "1856"]
[PlyCount "52"]
[EventDate "2014.09.25"]
[EventType "tourn"]
[EventRounds "9"]
[EventCountry "NZL"]
[SourceTitle "EXT 2018"]
[Source "ChessBase"]
[SourceDate "2017.10.13"]
[SourceVersion "1"]
[SourceVersionDate "2017.10.13"]
[SourceQuality "1"]

1. d4 d5 2. c4 Nf6 3. Nc3 e6 4. Nf3 c6 5. Bg5 Be7 6. e3 Nbd7 7. Bd3 Qc7 8. 0-0 0-0 9. Rc1 Re8 10. cxd5 exd5 11. Bb1 Nf8 12. Bxf6 Bxf6 13. Nxd5 Qd6 14. Nxf6+ Qxf6 15. Qd3 g6 16. Ne5 Re7 17. Bc2 Nd7 18. f4 Nxe5 19. fxe5 Qg5 20. Bb3 Bf5 21. e4 Be6 22. Bxe6 fxe6 23. Qa3 a6 24. Rcd1 Rf8 25. Rf6 Rxf6 26. Qxe7 Rf1+ 0-1

[Event "Wellington Mazur Memorial"]
[Site "Wellington"]
[Date "2014.08.28"]
[Round "6"]
[White "Sellen, Ian"]
[Black "Stoeveken, Peter"]
[Result "1-0"]
[WhiteElo "2075"]
[BlackElo "1856"]
[PlyCount "133"]
[EventDate "2014.07.24"]
[EventType "swiss"]
[EventRounds "8"]
[EventCountry "NZL"]
[SourceTitle "EXT 2018"]
[Source "ChessBase"]
[SourceDate "2017.10.13"]
[SourceVersion "1"]
[SourceVersionDate "2017.10.13"]
[SourceQuality "1"]

1. c4 e5 2. Nc3 Nf6 3. Nf3 Nc6 4. g3 Bb4 5. Qc2 Bxc3 6. Qxc3 d6 7. d3 h6 8. Bg2 Be6 9. 0-0 Qd7 10. d4 Ne4 11. Qc2 Bf5 12. Nxe5 dxe5 13. Bxe4 Bxe4 14. Qxe4 Qxd4 15. Qxd4 Nxd4 16. e4 0-0 17. Kg2 a6 18. Rb1 f5 19. exf5 Nxf5 20. Re1 Rae8 21. Bd2 Nd4 22. Re4 Re6 23. Bc3 Nc6 24. Rbe1 Rfe8 25. f4 Rd8 26. fxe5 b5 27. cxb5 axb5 28. R1e2 Ne7 29. b3 Rd3 30. Bb2 Nc6 31. R4e3 Rd5 32. Kf3 Rd1 33. Ke4 Nb4 34. a3 Nc6 35. Rd3 Rxd3 36. Kxd3 Kf7 37. Ke4 Rg6 38. Kd5 Ne7+ 39. Kc5 c6 40. e6+ Rxe6 41. Rxe6 Kxe6 42. Bxg7 h5 43. Bf8 Ng6 44. Bd6 Kd7 45. Bf4 Nf8 46. Kd4 Ne6+ 47. Ke5 Nc5 48. b4 Nd3+ 49. Kf5 c5 50. bxc5 Nxc5 51. Kg5 Ke6 52. Kxh5 Kf7 53. g4 Nd3 54. Bd6 Ke6 55. Bb4 Kf7 56. g5 Nf4+ 57. Kh6 Ng6 58. Bd6 Nh4 59. Kh5 Nf5 60. Be5 Ne7 61. h4 Kg8 62. g6 Nf5 63. Kg5 Ne3 64. h5 Nc4 65. Bd4 Nd6 66. h6 Ne4+ 67. Kf4 1-0

[Event "Wellington Mazur Memorial"]
[Site "Wellington"]
[Date "2014.08.07"]
[Round "3"]
[White "Aldridge, Alan L"]
[Black "Stoeveken, Peter"]
[Result "1-0"]
[WhiteElo "1951"]
[BlackElo "1856"]
[PlyCount "47"]
[EventDate "2014.07.24"]
[EventType "swiss"]
[EventRounds "8"]
[EventCountry "NZL"]
[SourceTitle "EXT 2018"]
[Source "ChessBase"]
[SourceDate "2017.10.13"]
[SourceVersion "1"]
[SourceVersionDate "2017.10.13"]
[SourceQuality "1"]

1. d4 d5 2. Nc3 Nf6 3. e4 Nxe4 4. Nxe4 dxe4 5. f3 exf3 6. Nxf3 c6 7. Bc4 f6 8. Bf4 Bg4 9. c3 b5 10. Bb3 Nd7 11. 0-0 Nb6 12. Qd3 Nd5 13. Bg3 Bh5 14. a4 a6 15. axb5 cxb5 16. Rxa6 Kf7 17. Rxa8 Qxa8 18. Qxb5 e6 19. Qd7+ Be7 20. Ng5+ Kg6 21. Nxe6 Ne3 22. Nf4+ Kh6 23. Re1 Ng4 24. Nxh5 1-0

[Event "Wellington CC Autumn Cup-C"]
[Site "Wellington"]
[Date "2014.05.15"]
[Round "3"]
[White "Stracy, Don M"]
[Black "Stoeveken, Peter"]
[Result "1-0"]
[WhiteElo "1854"]
[BlackElo "1886"]
[PlyCount "133"]
[EventDate "2014.05.01"]
[EventType "tourn"]
[EventRounds "5"]
[EventCountry "NZL"]
[SourceTitle "EXT 2018"]
[Source "ChessBase"]
[SourceDate "2017.10.13"]
[SourceVersion "1"]
[SourceVersionDate "2017.10.13"]
[SourceQuality "1"]

1. e4 e6 2. d4 d5 3. Nd2 dxe4 4. Nxe4 Nf6 5. Nxf6+ Qxf6 6. Nf3 h6 7. Bd3 Bd7 8. 0-0 Bc6 9. Ne5 Bd6 10. Nxc6 Nxc6 11. Be3 Ne7 12. c4 c6 13. Qd2 Nf5 14. Bxf5 Qxf5 15. Rad1 Rd8 16. Rfe1 0-0 17. Qd3 Qh5 18. g3 Rd7 19. Qe2 Qxe2 20. Rxe2 a6 21. Red2 Rfd8 22. a3 Be7 23. Kf1 Bf6 24. Ke2 Be7 25. Rd3 f5 26. Bf4 Bf6 27. Be5 Kf7 28. Bxf6 gxf6 29. f4 Re7 30. Kf3 e5 31. fxe5 fxe5 32. dxe5 Rxd3+ 33. Rxd3 Rxe5 34. Rd7+ Re7 35. Rxe7+ Kxe7 36. Kf4 Kf6 37. c5 a5 38. b4 a4 39. g4 fxg4 40. Kxg4 Ke5 41. Kh5 Kd4 42. Kxh6 Kc3 43. h4 Kb3 44. h5 Kxa3 45. Kg6 Kb2 46. h6 a3 47. h7 a2 48. h8Q+ Kb1 49. Qh1+ Kb2 50. Qg2+ Kb1 51. Qf1+ Kb2 52. Qe2+ Kb1 53. Qd1+ Kb2 54. Qd2+ Kb1 55. Qd3+ Kb2 56. b5 cxb5 57. Qxb5+ Kc1 58. Qa4 Kb2 59. Qb4+ Kc1 60. Qc3+ Kb1 61. Qb3+ Ka1 62. Kf7 b5 63. Qd1+ Kb2 64. c6 a1Q 65. Qxa1+ Kxa1 66. c7 b4 67. c8Q 1-0

[Event "Wellington Mazur Memorial"]
[Site "Wellington"]
[Date "2013.12.12"]
[Round "8"]
[White "Tionko, Efrain"]
[Black "Stoeveken, Peter"]
[Result "0-1"]
[WhiteElo "1844"]
[BlackElo "1910"]
[PlyCount "86"]
[EventDate "2013.10.26"]
[EventType "swiss"]
[EventRounds "8"]
[EventCountry "NZL"]
[SourceTitle "EXT 2018"]
[Source "ChessBase"]
[SourceDate "2017.10.13"]
[SourceVersion "1"]
[SourceVersionDate "2017.10.13"]
[SourceQuality "1"]

1. e4 e6 2. d3 d5 3. Qe2 dxe4 4. dxe4 b6 5. Nf3 a5 6. c4 Nf6 7. Bg5 h6 8. Bh4 Be7 9. Nc3 0-0 10. e5 Nfd7 11. Bxe7 Qxe7 12. Qe4 Ra7 13. Bd3 f5 14. exf6 Nxf6 15. Qe2 Bb7 16. 0-0 Nbd7 17. Nb5 Bxf3 18. Qxf3 Ne5 19. Qe2 Nxd3 20. Qxd3 Rb7 21. Rfe1 Rd8 22. Qf3 Rbb8 23. Qc6 Rd2 24. b3 Rbd8 25. Qxc7 Qb4 26. Qxb6 Qe7 27. Qxa5 Qc5 28. Qa7 Qf5 29. Qe3 R8d3 30. Qxe6+ Qxe6 31. Rxe6 Ng4 32. h3 Nxf2 33. Rd6 Nxh3+ 34. Kh2 Nf4 35. Rxd3 Nxd3 36. Kg3 g5 37. Nc3 Nf4 38. a4 Rd3+ 39. Kg4 Rxc3 40. a5 Kf7 41. a6 Kg6 42. Rh1 Rxb3 43. g3 h5+ 0-1

[Event "Wellington CC-chB"]
[Site "Wellington"]
[Date "2013.10.03"]
[Round "10"]
[White "Stoeveken, Peter"]
[Black "Roberts, Michael H"]
[Result "0-1"]
[WhiteElo "1910"]
[BlackElo "1781"]
[PlyCount "72"]
[EventDate "2013.08.01"]
[EventType "tourn"]
[EventRounds "11"]
[EventCountry "NZL"]
[SourceTitle "EXT 2018"]
[Source "ChessBase"]
[SourceDate "2017.10.13"]
[SourceVersion "1"]
[SourceVersionDate "2017.10.13"]
[SourceQuality "1"]

1. d4 Nf6 2. Bg5 g6 3. Bxf6 exf6 4. e4 Bg7 5. Bc4 d6 6. c3 0-0 7. Nf3 Nc6 8. 0-0 f5 9. Bd3 fxe4 10. Bxe4 d5 11. Bd3 Bd7 12. Qb3 Be8 13. Re1 Na5 14. Qc2 Nc6 15. Na3 a6 16. Re2 Bd7 17. Qb3 Bg4 18. Qxb7 Qd7 19. Qb3 Bxf3 20. gxf3 Bxd4 21. cxd4 Nxd4 22. Qd1 Nxe2+ 23. Qxe2 Rfe8 24. Qf1 Qd6 25. Re1 Reb8 26. Re2 c5 27. Rd2 Qf4 28. Qe1 c4 29. Bf1 Qg5+ 30. Bg2 Re8 31. Re2 Rxe2 32. Qxe2 Qc1+ 33. Bf1 Rb8 34. Qe5 Qxb2 35. Nxc4 dxc4 36. Bxc4 Qxe5 0-1

[Event "Wellington CC-chB"]
[Site "Wellington"]
[Date "2013.09.12"]
[Round "7"]
[White "Kay, Bruce"]
[Black "Stoeveken, Peter"]
[Result "0-1"]
[WhiteElo "1825"]
[BlackElo "1910"]
[PlyCount "45"]
[EventDate "2013.08.01"]
[EventType "tourn"]
[EventRounds "11"]
[EventCountry "NZL"]
[SourceTitle "EXT 2018"]
[Source "ChessBase"]
[SourceDate "2017.10.13"]
[SourceVersion "1"]
[SourceVersionDate "2017.10.13"]
[SourceQuality "1"]

1. d4 Nf6 2. c4 c5 3. d5 d6 4. Nc3 g6 5. g3 Bg7 6. Bg2 Nbd7 7. Nf3 h6 8. a4 Nb6 9. a5 Nbd7 10. 0-0 0-0 11. e4 b6 12. axb6 Nxb6 13. Qe2 Bg4 14. h3 Bd7 15. Kh2 Re8 16. Qd3 Nh5 17. Be3 f5 18. Nd2 Rf8 19. f4 Nf6 20. e5 dxe5 21. fxe5 Nh5 22. Bf4 Nxf4 23. gxf4 0-1

[Event "Wellington CC Autumn Cup-C"]
[Site "Wellington"]
[Date "2013.06.06"]
[Round "5"]
[White "Stoeveken, Peter"]
[Black "Whittle, Jonathan"]
[Result "1-0"]
[WhiteElo "1898"]
[BlackElo "1775"]
[PlyCount "143"]
[EventDate "2013.05.09"]
[EventType "tourn"]
[EventRounds "5"]
[EventCountry "NZL"]
[SourceTitle "EXT 2018"]
[Source "ChessBase"]
[SourceDate "2017.10.13"]
[SourceVersion "1"]
[SourceVersionDate "2017.10.13"]
[SourceQuality "1"]

1. f4 g6 2. Nf3 Bg7 3. e4 d6 4. d4 Nd7 5. Bc4 e6 6. c3 h6 7. Qb3 Ndf6 8. e5 Ne4 9. Nbd2 Nxd2 10. Bxd2 d5 11. Bd3 Ne7 12. h4 Nf5 13. g4 Ng3 14. Rh2 b6 15. Qc2 Ne4 16. Bxe4 dxe4 17. Qxe4 Qd5 18. Qxd5 exd5 19. Rg2 h5 20. gxh5 Rxh5 21. 0-0-0 Bf5 22. Ng5 Rxh4 23. Re1 Ke7 24. c4 dxc4 25. Bb4+ Kd7 26. Rf2 a5 27. Bc3 f6 28. e6+ Ke7 29. Ne4 Bxe6 30. Rfe2 Bg4 31. Re3 Kf7 32. d5 Rd8 33. Nd2 Rxd5 34. Re7+ Kg8 35. Ne4 Rd7 36. Rxd7 Bxd7 37. Bxf6 Bf5 38. Bxh4 Bh6 39. Bg5 Bg7 40. b3 Be6 41. bxc4 Bxc4 42. Nf6+ Kf7 43. Ng4 Bxa2 44. Re7+ Kf8 45. Rxc7 Bd4 46. Nh6 Be6 47. Rc6 Bd5 48. Rxg6 Be3+ 49. Kd1 Bf3+ 50. Ke1 Bd5 51. Nf5 Bc5 52. Rf6+ Ke8 53. Nh4 a4 54. Rf5 Bb4+ 55. Kf2 Bc4 56. Re5+ Kd7 57. Re4 Bc5+ 58. Kg3 Bb3 59. Bf6 b5 60. f5 Bd5 61. Re2 b4 62. Nf3 b3 63. Ne5+ Kd6 64. Nd3 Bc4 65. Be7+ Kc6 66. Ne5+ Kb5 67. Nxc4 Kxc4 68. Bxc5 Kxc5 69. f6 a3 70. f7 a2 71. f8Q+ Kc4 72. Qa3 1-0

[Event "Wellington CC Summer Cup"]
[Site "Wellington"]
[Date "2013.03.21"]
[Round "6"]
[White "Turner, Michael George"]
[Black "Stoeveken, Peter"]
[Result "1-0"]
[WhiteElo "2139"]
[BlackElo "1904"]
[PlyCount "69"]
[EventDate "2013.02.07"]
[EventType "swiss"]
[EventRounds "8"]
[EventCountry "NZL"]
[SourceTitle "EXT 2018"]
[Source "ChessBase"]
[SourceDate "2017.10.13"]
[SourceVersion "1"]
[SourceVersionDate "2017.10.13"]
[SourceQuality "1"]

1. d4 d5 2. c4 dxc4 3. e3 Nf6 4. Bxc4 Nc6 5. Nc3 e6 6. Nf3 a6 7. Bd3 Nb4 8. Bb1 c5 9. 0-0 Qb6 10. a3 Nc6 11. Na4 Qa7 12. dxc5 Bxc5 13. Nxc5 Qxc5 14. b4 Qe7 15. Bb2 b5 16. Qe2 Bb7 17. Rd1 0-0 18. Bc2 Rad8 19. Nd4 Nd7 20. Nxc6 Bxc6 21. Bxh7+ Kxh7 22. Qc2+ f5 23. Qxc6 Rh8 24. Qc7 Kg8 25. h3 Rh7 26. Rd2 g5 27. Rad1 g4 28. Qg3 Kf7 29. hxg4 fxg4 30. Qf4+ Kg6 31. Qxg4+ Kf7 32. Qf3+ Ke8 33. Bf6 Qf8 34. Bxd8 Qh6 35. Bh4 1-0

[Event "Wellington Mazur Memorial"]
[Site "Wellington"]
[Date "2012.11.29"]
[Round "5"]
[White "List, Robert"]
[Black "Stoeveken, Peter"]
[Result "1/2-1/2"]
[WhiteElo "1539"]
[BlackElo "1917"]
[PlyCount "60"]
[EventDate "2012.11.01"]
[EventType "swiss"]
[EventRounds "7"]
[EventCountry "NZL"]
[SourceTitle "EXT 2018"]
[Source "ChessBase"]
[SourceDate "2017.10.13"]
[SourceVersion "1"]
[SourceVersionDate "2017.10.13"]
[SourceQuality "1"]

1. e4 e6 2. d4 d5 3. e5 c5 4. c3 Nc6 5. Nf3 Qb6 6. Bd3 cxd4 7. cxd4 Bb4+ 8. Nc3 Bd7 9. a3 Be7 10. Na4 Qc7 11. 0-0 f6 12. Nc5 Bxc5 13. dxc5 Nxe5 14. Nxe5 Qxe5 15. Qb3 Qc7 16. Re1 Ne7 17. Qc2 0-0-0 18. b4 e5 19. b5 Kb8 20. Rb1 Ka8 21. Be3 d4 22. Bxd4 Qc8 23. Be3 Bf5 24. Be4 Bxe4 25. Qxe4 Nd5 26. Rec1 Nxe3 27. fxe3 f5 28. Qxe5 Rhe8 29. Qc3 Qe6 30. Rb3 Rc8 1/2-1/2